[Event "M.Chigorin Memorial 2014"]
[Site "St. Petersburg"]
[Date "2014.10.24"]
[Round "7.100"]
[White "Shapfiullin, Ildar"]
[Black "Minasyan, Arnold"]
[Result "1/2-1/2"]
[WhiteElo "2050"]
[BlackElo "2204"]
[PlyCount "135"]
[EventDate "2014.10.18"]

1. d4 d5 2. Bf4 Bf5 3. e3 e6 4. c4 Bxb1 5. Rxb1 Bb4+ 6. Ke2 dxc4 7. a3 Bd6 8.
Bxd6 Qxd6 9. Qa4+ Nd7 10. Qxc4 Ngf6 11. f3 O-O 12. Kf2 e5 13. Ne2 e4 14. Nc3 c5
15. dxc5 Nxc5 16. Rd1 Qe5 17. Be2 exf3 18. gxf3 Rac8 19. Qd4 Qh5 20. h4 Rfe8
21. Nd5 Nxd5 22. Qxd5 Qh6 23. Qg5 Qb6 24. b4 Ne6 25. Qb5 Qc7 26. Rd7 Qc3 27.
Qf5 f6 28. Rg1 Rc7 29. Qd5 Rxd7 30. Qxd7 Kf8 31. Rd1 Qe5 32. Qd6+ Qxd6 33. Rxd6
Ke7 34. Rd5 Rc8 35. Bd3 Rc3 36. a4 Rb3 37. Bxh7 Rxb4 38. Rb5 Rxb5 39. axb5 Kd6
40. Kg3 Kc5 41. Bd3 Nc7 42. Kg4 Nxb5 43. Kf5 a5 44. Kg6 a4 45. Bc2 a3 46. Bb3
Kb4 47. Ba2 Nc3 48. Bf7 Kc5 49. Bb3 Kb4 50. Bf7 Nd1 51. e4 Ne3 52. Ba2 Kc3 53.
Kxg7 Kb2 54. Bf7 b5 55. h5 Nc4 56. h6 a2 57. h7 a1=Q 58. h8=Q Qg1+ 59. Kf8 Qc5+
60. Kg7 Qg5+ 61. Kf8 Qf4 62. Qh3 Kc3 63. Qd7 Qb8+ 64. Kg7 Qg3+ 65. Kxf6 Qxf3+
66. Qf5 Qxf5+ 67. exf5 b4 68. Bxc4 1/2-1/2

[Event "M.Chigorin Memorial 2014"]
[Site "St. Petersburg"]
[Date "2014.10.24"]
[Round "7.101"]
[White "Svidinsky, Dmitry"]
[Black "Vorobjev, Dmitry"]
[Result "1/2-1/2"]
[WhiteElo "2039"]
[BlackElo "2199"]
[PlyCount "137"]
[EventDate "2014.10.18"]

1. d4 Nf6 2. Nf3 g6 3. Bg5 Bg7 4. Nbd2 d6 5. e3 h6 6. Bh4 g5 7. Bg3 Nh5 8. Bc4
Nxg3 9. hxg3 Bg4 10. c3 Nc6 11. Qb3 O-O 12. Qxb7 Na5 13. Qa6 Nxc4 14. Qxc4 Bd7
15. Qd3 f5 16. d5 Rb8 17. b4 e5 18. dxe6 Bxe6 19. Nd4 Qd7 20. Nxe6 Qxe6 21. O-O
c5 22. a3 Rfc8 23. Rfc1 d5 24. bxc5 Rxc5 25. Nf3 Qe4 26. Qxe4 dxe4 27. Nd4 Rbc8
28. Rab1 Bxd4 29. exd4 Rxc3 30. Rxc3 Rxc3 31. Rb8+ Kg7 32. Rb7+ Kg6 33. Rxa7
Rd3 34. g4 Rd1+ 35. Kh2 fxg4 36. Ra6+ Kf5 37. Rxh6 Rd3 38. g3 Rxd4 39. Rh8 e3
40. fxe3 Rd2+ 41. Kg1 Ke4 42. Rg8 Kf3 43. Rxg5 Kxg3 44. Kf1 Rf2+ 45. Ke1 Ra2
46. Kf1 Rxa3 47. Ke2 Ra2+ 48. Kd3 Kh4 49. Rg8 g3 50. e4 g2 51. Ke3 Kh3 52. e5
Ra1 53. Rh8+ Kg3 54. Rg8+ Kh2 55. Rh8+ Kg1 56. Rg8 Ra3+ 57. Kd4 Kf2 58. Rxg2+
Kxg2 59. e6 Kf3 60. Kd5 Kf4 61. e7 Re3 62. Kd6 Kf5 63. Kd7 Rd3+ 64. Kc7 Rc3+
65. Kd8 Rd3+ 66. Kc8 Re3 67. Kd8 Kf6 68. e8=Q Rxe8+ 69. Kxe8 1/2-1/2

[Event "M.Chigorin Memorial 2014"]
[Site "St. Petersburg"]
[Date "2014.10.24"]
[Round "7.102"]
[White "Rivonenko, Vladislav"]
[Black "Baraeva, Irina"]
[Result "1-0"]
[WhiteElo "2022"]
[BlackElo "2197"]
[PlyCount "71"]
[EventDate "2014.10.18"]

1. e4 e6 2. d4 d5 3. e5 c5 4. c3 Bd7 5. Nf3 Nc6 6. a3 Nge7 7. b4 cxd4 8. cxd4
Nf5 9. Be3 Be7 10. Bd3 Nxe3 11. fxe3 O-O 12. O-O f6 13. exf6 Bxf6 14. Nc3 Be8
15. Qc2 h6 16. Rac1 Bh5 17. b5 Na5 18. Ne2 Rc8 19. Qa4 Rxc1 20. Rxc1 Bxf3 21.
gxf3 e5 22. dxe5 Bxe5 23. Qg4 Qb6 24. Kf2 Bxh2 25. Nd4 Be5 26. Nf5 Re8 27. Qh5
Kf8 28. Nh4 Qe6 29. Bf5 Qd6 30. f4 Bf6 31. Ng6+ Kg8 32. Ne5 Qe7 33. Rc7 Qd8 34.
Qf7+ Kh8 35. Qg6 Kg8 36. Qh7+ 1-0

[Event "M.Chigorin Memorial 2014"]
[Site "St. Petersburg"]
[Date "2014.10.24"]
[Round "7.103"]
[White "Sukhareva, Evgeniya"]
[Black "Sindarov, Javokhir"]
[Result "1/2-1/2"]
[WhiteElo "2196"]
[BlackElo "1994"]
[PlyCount "83"]
[EventDate "2014.10.18"]

1. d4 Nf6 2. Nf3 d5 3. c4 dxc4 4. e3 e6 5. Bxc4 c5 6. O-O a6 7. Qe2 b5 8. Bd3
cxd4 9. exd4 Bb7 10. Rd1 Nbd7 11. Bg5 Be7 12. Nbd2 O-O 13. a4 b4 14. Re1 a5 15.
Ne5 h6 16. Bh4 Nxe5 17. dxe5 Nd5 18. Bxe7 Qxe7 19. Qe4 g6 20. Qg4 Nb6 21. Re3
Qg5 22. Qxg5 hxg5 23. Ne4 Bxe4 24. Bxe4 Rad8 25. b3 Nd5 26. Bxd5 Rxd5 27. Rc1
Rfd8 28. g3 Rd3 29. Rce1 Rd2 30. h3 Rb2 31. Rc1 Rdd2 32. Rf3 Rbc2 33. Rxc2 Rxc2
34. Kf1 Kf8 35. Re3 Ke7 36. Kg2 Ra2 37. Kf3 Rd2 38. Re1 Rd3+ 39. Re3 Rd2 40.
Re1 Rd3+ 41. Re3 Rd2 42. Re1 1/2-1/2

[Event "M.Chigorin Memorial 2014"]
[Site "St. Petersburg"]
[Date "2014.10.24"]
[Round "7.104"]
[White "Tarasov, Alexandr"]
[Black "Koshil, Tikhon"]
[Result "1-0"]
[WhiteElo "2191"]
[BlackElo "1975"]
[PlyCount "67"]
[EventDate "2014.10.18"]

1. d4 Nf6 2. c4 g6 3. g3 Bg7 4. Bg2 O-O 5. Nc3 d6 6. Nf3 Nbd7 7. O-O c5 8. h3
Nb6 9. b3 a6 10. e4 cxd4 11. Nxd4 Qc7 12. Be3 Bd7 13. Qd2 Rfe8 14. Rfd1 Nc8 15.
Rac1 Na7 16. g4 Qd8 17. Nde2 Bc6 18. b4 Rf8 19. a4 Qb8 20. b5 axb5 21. cxb5 Be8
22. g5 Nd7 23. Nd5 Nc8 24. Rxc8 Qxc8 25. Nxe7+ Kh8 26. Nxc8 Rxc8 27. Qxd6 f6
28. Nf4 fxg5 29. Ne6 Be5 30. Bd4 Bxd4 31. Qxd4+ Rf6 32. Nxg5 Rc5 33. f4 h6 34.
e5 1-0

[Event "M.Chigorin Memorial 2014"]
[Site "St. Petersburg"]
[Date "2014.10.24"]
[Round "7.105"]
[White "Zhikharev, Valeriy"]
[Black "Mikhailov, Ivan"]
[Result "1/2-1/2"]
[WhiteElo "2188"]
[BlackElo "1959"]
[PlyCount "85"]
[EventDate "2014.10.18"]

1. d4 d5 2. Bg5 Nf6 3. Bxf6 gxf6 4. e3 Bf5 5. c4 c6 6. cxd5 cxd5 7. Nc3 e6 8.
Qb3 Qd7 9. Bb5 Nc6 10. Na4 Bb4+ 11. Kf1 Bd6 12. Rc1 Rc8 13. Ne2 O-O 14. f3 Rc7
15. Kf2 Rfc8 16. Rc3 Qe7 17. Rhc1 Bb4 18. Rxc6 bxc6 19. Ba6 Rb8 20. Kf1 Qd8 21.
Qd1 Bd6 22. h4 h6 23. a3 Bg6 24. b4 e5 25. Qd2 Kg7 26. Rc3 f5 27. g3 Qf6 28. f4
exf4 29. exf4 Qe6 30. Re3 Qd7 31. Nc5 Bxc5 32. dxc5 Re8 33. Nd4 Re4 34. Bd3
Rxe3 35. Qxe3 Rc8 36. Bc2 f6 37. Ba4 Kf7 38. Kf2 Bh5 39. Qd3 Bg4 40. Qa6 Qe8
41. Bc2 Qd7 42. Ba4 Qe8 43. Bc2 1/2-1/2

[Event "M.Chigorin Memorial 2014"]
[Site "St. Petersburg"]
[Date "2014.10.24"]
[Round "7.106"]
[White "Denishev, Marat"]
[Black "Kiseleva, Arina"]
[Result "1-0"]
[WhiteElo "2183"]
[BlackElo "1922"]
[PlyCount "45"]
[EventDate "2014.10.18"]

1. d4 Nf6 2. c4 e6 3. Nf3 d5 4. g3 Be7 5. Bg2 O-O 6. Qc2 b6 7. cxd5 exd5 8. O-O
Bb7 9. Nc3 Na6 10. Bg5 c5 11. Rfd1 Nc7 12. e4 Nxe4 13. Nxe4 dxe4 14. dxc5 Bd5
15. cxb6 axb6 16. Bxe7 Qxe7 17. Nd4 f5 18. Rac1 Rf7 19. Nxf5 Rxf5 20. Qxc7 Qxc7
21. Rxc7 Rxa2 22. Bh3 Re5 23. Rxd5 1-0

[Event "M.Chigorin Memorial 2014"]
[Site "St. Petersburg"]
[Date "2014.10.24"]
[Round "7.107"]
[White "Vunder, Andrey"]
[Black "Ivanov, Artem"]
[Result "1-0"]
[WhiteElo "2181"]
[BlackElo "1913"]
[PlyCount "55"]
[EventDate "2014.10.18"]

1. d4 Nf6 2. Nf3 g6 3. Bf4 Bg7 4. e3 O-O 5. Be2 d5 6. O-O Re8 7. c4 c6 8. Nc3
Nh5 9. Bg5 h6 10. Bh4 Nf6 11. Qb3 e6 12. Ne5 Qb6 13. c5 Qxb3 14. axb3 Nbd7 15.
f4 Nh7 16. b4 g5 17. Bg3 Nxe5 18. fxe5 Bd7 19. b5 Reb8 20. b4 Nf8 21. Ra2 Bc8
22. Bh5 Ng6 23. Raf2 a5 24. bxa5 Rxa5 25. b6 Rba8 26. Rxf7 Nh8 27. Rc7 Ra1 28.
Rxc8+ 1-0

[Event "M.Chigorin Memorial 2014"]
[Site "St. Petersburg"]
[Date "2014.10.24"]
[Round "7.108"]
[White "Pustovidko, Anastasia"]
[Black "Abdusattorov, Nodirbek"]
[Result "1-0"]
[WhiteElo "1955"]
[BlackElo "2179"]
[PlyCount "75"]
[EventDate "2014.10.18"]

1. Nf3 Nf6 2. c4 g6 3. Nc3 d5 4. cxd5 Nxd5 5. Qa4+ c6 6. Qd4 Nf6 7. Qxd8+ Kxd8
8. e4 Bg7 9. Bc4 e6 10. d4 h6 11. O-O Nbd7 12. Rd1 b5 13. Bd3 Bb7 14. Bf4 Ke7
15. Rac1 Nb6 16. Nxb5 Rhd8 17. Nd6 Rxd6 18. Bxd6+ Kxd6 19. e5+ Kc7 20. exf6
Bxf6 21. Ne5 Bxe5 22. dxe5 Rd8 23. Be2 Nd7 24. f4 g5 25. g3 gxf4 26. gxf4 c5
27. Kf2 f6 28. Bb5 Bd5 29. Rxd5 exd5 30. e6 Rb8 31. Bxd7 Rxb2+ 32. Ke3 Kd6 33.
Rxc5 Kxc5 34. e7 Rb8 35. e8=Q Rxe8+ 36. Bxe8 Kc4 37. Bf7 a5 38. f5 1-0

[Event "M.Chigorin Memorial 2014"]
[Site "St. Petersburg"]
[Date "2014.10.24"]
[Round "7.109"]
[White "Menkov, Aleksandr"]
[Black "Nasibullin, Iskander"]
[Result "1/2-1/2"]
[WhiteElo "2170"]
[BlackElo "1907"]
[PlyCount "90"]
[EventDate "2014.10.18"]

1. e4 d5 2. exd5 Qxd5 3. Nc3 Qd6 4. d4 Nf6 5. Nf3 g6 6. Be2 Bg7 7. O-O O-O 8.
h3 Bf5 9. Nb5 Qb6 10. c4 c6 11. Nc3 Rd8 12. g4 Be6 13. Qc2 Na6 14. Bf4 c5 15.
d5 Bd7 16. Be5 Rac8 17. a3 h5 18. Nh2 hxg4 19. hxg4 Nxg4 20. Nxg4 Bxg4 21. Bxg4
Bxe5 22. Bxc8 Rxc8 23. Rae1 Qf6 24. Qe4 Qg5+ 25. Qg2 Qh5 26. Re3 Kg7 27. Rfe1
f6 28. Rh3 Qf5 29. Ne2 e6 30. Ng3 Qc2 31. Qh2 g5 32. Rxe5 fxe5 33. Nh5+ Kf7 34.
Qxe5 Qb1+ 35. Kg2 Qg6 36. Rf3+ Ke8 37. Ng7+ Kd7 38. Nxe6 Qh6 39. Rh3 Qg6 40.
Rg3 g4 41. Qf4 Rg8 42. Nf8+ Rxf8 43. Qxf8 Qe4+ 44. Kf1 Qb1+ 45. Kg2 Qe4+
1/2-1/2

[Event "M.Chigorin Memorial 2014"]
[Site "St. Petersburg"]
[Date "2014.10.24"]
[Round "7.110"]
[White "Babanin, Gleb"]
[Black "Kostyuchenko, Vladimir"]
[Result "0-1"]
[WhiteElo "1883"]
[BlackElo "2169"]
[PlyCount "66"]
[EventDate "2014.10.18"]

1. e4 c5 2. Nf3 Nc6 3. Bb5 Nf6 4. d3 Qa5+ 5. Nc3 Nd4 6. Bc4 b5 7. e5 Bb7 8.
Bxf7+ Kxf7 9. Ng5+ Kg8 10. exf6 exf6 11. Nge4 b4 12. Ne2 b3+ 13. Bd2 bxc2 14.
Bxa5 cxd1=Q+ 15. Rxd1 f5 16. Nxd4 cxd4 17. Ng5 Bxg2 18. Rg1 Bd5 19. b3 Bd6 20.
f3 Bxh2 21. Rg2 Bf4 22. Kf1 h6 23. Nh3 Be3 24. Ke2 Rc8 25. Ng1 Kf7 26. Kf1 g5
27. Bd2 f4 28. Bxe3 dxe3 29. Re2 Rc3 30. Rg2 Rhc8 31. b4 Rc2 32. a4 Rxg2 33.
Kxg2 Rc2+ 0-1

[Event "M.Chigorin Memorial 2014"]
[Site "St. Petersburg"]
[Date "2014.10.24"]
[Round "7.112"]
[White "Gyokbulut, Julia"]
[Black "Smirnov, Timofey"]
[Result "0-1"]
[WhiteElo "2086"]
[BlackElo "2419"]
[PlyCount "104"]
[EventDate "2014.10.18"]

1. d4 Nf6 2. Nf3 e6 3. c4 d5 4. Nc3 Be7 5. Bf4 O-O 6. e3 b6 7. cxd5 exd5 8. Bd3
Bb7 9. O-O c5 10. Rc1 Nbd7 11. Ne5 a6 12. Bb1 Re8 13. Qc2 Nf8 14. Ne2 Ng6 15.
Bg3 Ne4 16. f3 Nxg3 17. Nxg3 Nf8 18. Nf5 Bd6 19. f4 f6 20. Nxd6 Qxd6 21. dxc5
bxc5 22. Ng4 Rac8 23. Qf5 Re7 24. Qh5 Rd8 25. Rf3 Bc8 26. Rg3 Bxg4 27. Qxg4 Qb6
28. Qe2 c4 29. Rh3 Rb7 30. Rc2 f5 31. g4 fxg4 32. Rh4 Re8 33. Kf2 Qf6 34. Kg3
Rbe7 35. Rc3 Qxc3 36. bxc3 Rxe3+ 37. Qxe3 Rxe3+ 38. Kxg4 Rxc3 39. Rh5 Rc1 40.
Bf5 g6 41. Bxg6 Nxg6 42. Rxd5 Rg1+ 43. Kf3 Rf1+ 44. Ke3 Rxf4 45. Rd6 c3 46. Rc6
Rh4 47. Rc8+ Kg7 48. Kd3 Rxh2 49. Kxc3 Rxa2 50. Kb3 Rf2 51. Rc7+ Rf7 52. Rc6 h5
0-1

[Event "M.Chigorin Memorial 2014"]
[Site "St. Petersburg"]
[Date "2014.10.24"]
[Round "7.113"]
[White "Repkin, Alexander"]
[Black "Kozlitin, Oleg"]
[Result "0-1"]
[WhiteElo "2077"]
[BlackElo "2348"]
[PlyCount "138"]
[EventDate "2014.10.18"]

1. d4 Nf6 2. c4 g6 3. Nc3 Bg7 4. e4 d6 5. f3 O-O 6. Bg5 Nc6 7. Nge2 a6 8. Qd2
Rb8 9. d5 Na5 10. Ng3 c5 11. Bh6 e6 12. dxe6 Bxe6 13. Bxg7 Kxg7 14. b3 Nc6 15.
Bd3 Qa5 16. Rd1 b5 17. cxb5 axb5 18. O-O b4 19. Nce2 Ne8 20. f4 f6 21. h4 Bf7
22. h5 Qa7 23. Bc4 Bxc4 24. bxc4 Qf7 25. Qc2 Qe7 26. Rd3 Nc7 27. Qa4 Rb6 28.
Rfd1 Ra8 29. Qc2 Ne8 30. R1d2 Rba6 31. Qb1 Na5 32. Rc2 Qf7 33. Qc1 Nc6 34. Qd2
R6a7 35. Rd5 Ra3 36. Rd3 R3a6 37. Kh2 Kg8 38. Rf3 Na5 39. Qd3 Nc6 40. Qd2 Kf8
41. Rd3 Ke7 42. Rf3 Kf8 43. Rd3 Na5 44. Qc1 Qe7 45. Qd2 Nc7 46. Kg1 Nb7 47.
hxg6 hxg6 48. Kf2 Ra3 49. Nc1 Rxd3 50. Nxd3 Ne6 51. Ne2 Na5 52. Ne1 g5 53. Nf3
Ke8 54. g3 Kd7 55. Qd5 Kc7 56. Rd2 Nc6 57. e5 dxe5 58. fxe5 fxe5 59. Kg2 Ned4
60. Nexd4 cxd4 61. Re2 Ra5 62. Qe4 Qg7 63. Ne1 Qg8 64. Rc2 Rc5 65. Nd3 Rxc4 66.
Rf2 Qe6 67. Rf5 Rc2+ 68. Kf3 Qg6 69. Qg4 Ne7 0-1

[Event "M.Chigorin Memorial 2014"]
[Site "St. Petersburg"]
[Date "2014.10.24"]
[Round "7.114"]
[White "Mamyrbay, Assad"]
[Black "Ovchinnikov, Vsevolod"]
[Result "1-0"]
[WhiteElo "2063"]
[BlackElo "2272"]
[PlyCount "103"]
[EventDate "2014.10.18"]

1. e4 e6 2. d4 d5 3. Nc3 Bb4 4. e5 c5 5. a3 Bxc3+ 6. bxc3 Qc7 7. Nf3 b6 8. a4
Ba6 9. Bb5+ Bxb5 10. axb5 Ne7 11. h4 h6 12. h5 a5 13. O-O Nd7 14. Nh4 cxd4 15.
cxd4 Qc4 16. Qg4 Rg8 17. Ba3 Qxb5 18. f4 Nc6 19. f5 O-O-O 20. fxe6 fxe6 21.
Qxe6 Nxd4 22. Qg4 Qc4 23. Qh3 Ne2+ 24. Kh2 Nf4 25. Qf5 Nd3 26. Qxd3 Qxh4+ 27.
Kg1 Qc4 28. Qe3 Qe4 29. Qc3+ Qc4 30. Qb2 Rge8 31. Bd6 d4 32. Ra3 Qc6 33. Qxd4
Nxe5 34. Rc3 Rxd6 35. Rxc6+ Rxc6 36. Rb1 Kc7 37. Rb5 Rce6 38. Qc3+ Kd7 39. Rd5+
Rd6 40. Rxe5 Rxe5 41. Qxe5 Rf6 42. g4 a4 43. g5 Rf7 44. g6 Re7 45. Qb5+ Kc7 46.
Qxa4 Rd7 47. Kf2 Rd2+ 48. Ke3 Rd7 49. Ke4 Re7+ 50. Kd5 Rd7+ 51. Ke6 Rd6+ 52.
Ke7 1-0

[Event "M.Chigorin Memorial 2014"]
[Site "St. Petersburg"]
[Date "2014.10.24"]
[Round "7.115"]
[White "Gorlanov, Vladislav"]
[Black "Zhuk, Valeriy"]
[Result "0-1"]
[WhiteElo "2235"]
[BlackElo "2076"]
[PlyCount "54"]
[EventDate "2014.10.18"]

1. c4 e6 2. Nf3 d5 3. e3 Nf6 4. d4 c6 5. Nc3 Nbd7 6. Qc2 Bd6 7. g4 Nxg4 8. Rg1
Nxh2 9. Nxh2 Bxh2 10. Rxg7 h5 11. f4 Qh4+ 12. Qf2 Qxf2+ 13. Kxf2 h4 14. Bd2
Bg3+ 15. Kg2 Kf8 16. Rg5 f6 17. Rg4 Nb6 18. Bd3 e5 19. Rg6 e4 20. Bxe4 dxe4 21.
Nxe4 Nxc4 22. Bb4+ Kf7 23. Rxf6+ Kg7 24. Kf3 Bd7 25. Rh1 Rae8 26. f5 Rxe4 27.
Rg6+ Kf7 0-1

[Event "M.Chigorin Memorial 2014"]
[Site "St. Petersburg"]
[Date "2014.10.24"]
[Round "7.116"]
[White "Stepanov, Andrey"]
[Black "Shkurkin, Nikolai"]
[Result "1/2-1/2"]
[WhiteElo "2012"]
[BlackElo "2204"]
[PlyCount "108"]
[EventDate "2014.10.18"]

1. e4 c6 2. d4 d5 3. Nc3 dxe4 4. Nxe4 Bf5 5. Ng3 Bg6 6. h4 h6 7. Nf3 Nd7 8. h5
Bh7 9. Bd3 Bxd3 10. Qxd3 e6 11. Bf4 Qa5+ 12. Bd2 Qc7 13. c4 Ngf6 14. O-O-O Be7
15. Rhe1 O-O-O 16. Qe2 Rhe8 17. Kb1 Bf8 18. a3 c5 19. Ne5 Nxe5 20. dxe5 Nd7 21.
f4 Nb8 22. Ne4 Nc6 23. Be3 b6 24. Qc2 Rxd1+ 25. Rxd1 Rd8 26. g3 Rxd1+ 27. Qxd1
Qd7 28. Qxd7+ Kxd7 29. Kc2 Be7 30. Kd3 f6 31. exf6 gxf6 32. g4 f5 33. gxf5 exf5
34. Nc3 Bf6 35. b3 Bxc3 36. Kxc3 Nd8 37. b4 Kc6 38. b5+ Kb7 39. Kd3 Ne6 40. Bd2
Ng7 41. Ke3 Nxh5 42. Be1 Ng7 43. a4 Ne6 44. Bc3 h5 45. Bf6 a6 46. Bg5 axb5 47.
axb5 Kc7 48. Bf6 Kd7 49. Bh4 Nf8 50. Kf3 Ne6 51. Ke3 Nd4 52. Bf6 Ne6 53. Bh4
Ke8 54. Bf6 Kf8 1/2-1/2

[Event "M.Chigorin Memorial 2014"]
[Site "St. Petersburg"]
[Date "2014.10.24"]
[Round "7.117"]
[White "Kobzar, Alexandr"]
[Black "Grachev, Alexey"]
[Result "1-0"]
[WhiteElo "2176"]
[BlackElo "2065"]
[PlyCount "89"]
[EventDate "2014.10.18"]

1. d4 d5 2. Nf3 c6 3. g3 Bf5 4. Bg2 Nf6 5. O-O e6 6. c4 Nbd7 7. Nfd2 Be7 8. Nc3
O-O 9. b3 c5 10. dxc5 Nxc5 11. cxd5 exd5 12. Bb2 Nce4 13. Nb5 Nxd2 14. Qxd2 a6
15. Nd4 Be4 16. Rfd1 Rc8 17. Bh3 Rc7 18. f3 Bg6 19. Nf5 Bc5+ 20. Kh1 Re8 21. e4
Rd7 22. e5 Nh5 23. Nh4 f5 24. Nxf5 Rf8 25. Nh4 Rc7 26. Nxg6 hxg6 27. f4 d4 28.
Bxd4 g5 29. Be6+ Kh8 30. Qe2 Qe8 31. Bxc5 Rxc5 32. Rd8 Qc6+ 33. Bd5 Nxg3+ 34.
hxg3 Qh6+ 35. Kg2 Rxd8 36. Rh1 Rcxd5 37. Rxh6+ gxh6 38. Kf3 Rd2 39. Qc4 gxf4
40. gxf4 h5 41. Qf7 R8d3+ 42. Ke4 Rd4+ 43. Kf5 Rxa2 44. Kg6 Rg2+ 45. Kh6 1-0

[Event "M.Chigorin Memorial 2014"]
[Site "St. Petersburg"]
[Date "2014.10.24"]
[Round "7.118"]
[White "Martynyuk, Elizaveta"]
[Black "Altshul, Raffael"]
[Result "0-1"]
[WhiteElo "2046"]
[BlackElo "2174"]
[PlyCount "100"]
[EventDate "2014.10.18"]

1. e4 d6 2. d4 g6 3. Nc3 c6 4. Be3 Nf6 5. f3 Nbd7 6. Qd2 b5 7. O-O-O Qa5 8. a3
Rb8 9. Na2 Qxd2+ 10. Rxd2 a5 11. Ne2 Bg7 12. Nf4 O-O 13. g4 Nb6 14. g5 Nfd7 15.
b3 Rd8 16. d5 Bb7 17. Bd4 Be5 18. dxc6 Bxc6 19. Ne2 Nc5 20. Bxe5 dxe5 21. Rxd8+
Rxd8 22. Nec3 Ne6 23. Bxb5 Bxb5 24. Nxb5 Nxg5 25. Rf1 Rc8 26. Nbc3 Kf8 27. Nd5
Nd7 28. h4 Nh3 29. Rh1 Nf4 30. Nxf4 exf4 31. Kb2 Ne5 32. Rf1 e6 33. Nc3 h6 34.
Ne2 g5 35. hxg5 hxg5 36. Nd4 Ke7 37. Rh1 Rd8 38. c3 Rg8 39. Rh6 f6 40. Rh7+ Kd6
41. Rh6 g4 42. Rxf6 gxf3 43. Nxf3 Nxf3 44. Rxf4 Rg2+ 45. Kc1 Nd2 46. b4 a4 47.
Kc2 Ke5 48. Rh4 Nf3+ 49. Kd3 Nxh4 50. Kc4 Ra2 0-1

[Event "M.Chigorin Memorial 2014"]
[Site "St. Petersburg"]
[Date "2014.10.24"]
[Round "7.119"]
[White "Leite, Catarina"]
[Black "Grachev, Andrey"]
[Result "1-0"]
[WhiteElo "2154"]
[BlackElo "2029"]
[PlyCount "93"]
[EventDate "2014.10.18"]

1. e4 e5 2. Nf3 Nc6 3. Bb5 a6 4. Ba4 Nf6 5. O-O b5 6. Bb3 Be7 7. c3 O-O 8. Re1
d6 9. h3 Nb8 10. d4 Nbd7 11. Nbd2 Bb7 12. a4 c5 13. Qe2 Qc7 14. Ng5 cxd4 15.
cxd4 exd4 16. axb5 Nc5 17. Bc4 h6 18. Ngf3 axb5 19. Rxa8 Rxa8 20. Bxb5 Ne6 21.
Qd3 Qb6 22. Bc4 d5 23. exd5 Bxd5 24. Bxd5 Nxd5 25. Qf5 Nf6 26. Ne5 Ra1 27. Ndf3
Bb4 28. Rf1 Qa6 29. Nd3 Be7 30. Nfe5 Qb7 31. Nxf7 Qe4 32. Qxe4 Nxe4 33. Nfe5
N4c5 34. Bd2 Ra8 35. Re1 Bd6 36. b4 Nxd3 37. Nxd3 Kf7 38. Kf1 Ra2 39. Rd1 Ra3
40. Ke2 Rb3 41. Ra1 Nc7 42. Ra7 Ke6 43. Rxc7 Rxd3 44. Rc6 Rb3 45. Bf4 Rb2+ 46.
Kf3 Kf5 47. g4+ 1-0

[Event "M.Chigorin Memorial 2014"]
[Site "St. Petersburg"]
[Date "2014.10.24"]
[Round "7.120"]
[White "Kuzmin, Egor"]
[Black "Terentev, Mikhail"]
[Result "1-0"]
[WhiteElo "2154"]
[BlackElo "1981"]
[PlyCount "153"]
[EventDate "2014.10.18"]

1. c4 c6 2. d4 d5 3. cxd5 cxd5 4. Nc3 Nf6 5. Bf4 e6 6. e3 Bd6 7. Bg3 Bxg3 8.
hxg3 Nc6 9. Bd3 a6 10. Nf3 Bd7 11. Rc1 Rc8 12. a3 Qa5 13. O-O O-O 14. g4 b5 15.
Ne5 Nxe5 16. dxe5 Ne8 17. g5 Nc7 18. Ne2 Na8 19. Rxc8 Rxc8 20. Nd4 Nb6 21. Qh5
g6 22. Qe2 Nc4 23. Nf3 Qc7 24. Rc1 Bc6 25. a4 Qb8 26. axb5 Bxb5 27. Bxc4 Bxc4
28. Qd2 Rc6 29. Qd4 Qb6 30. Rc2 Qxd4 31. Nxd4 Rb6 32. b3 Bb5 33. Rc7 Kf8 34. f3
Rb8 35. Kf2 Ke8 36. Ke1 Bd7 37. Kd2 Kd8 38. Rc1 a5 39. Ra1 Ra8 40. Kc3 Kc7 41.
Kb2 Kb6 42. Rh1 Rh8 43. Rh4 Kc5 44. Nc2 Bb5 45. Rf4 Be8 46. Rh4 Bb5 47. Nd4 Kb6
48. Ka3 Kc5 49. Rf4 Be8 50. Rh4 Bb5 51. Rh1 Kb6 52. Kb2 Ba6 53. Ka2 Bd3 54. Ka3
Bb5 55. f4 Bd3 56. g4 Be4 57. Rh6 Kc5 58. Ka4 Bd3 59. Rh1 Kb6 60. Rc1 h5 61.
gxh6 Rxh6 62. Rc6+ Kb7 63. Rc3 Bf1 64. Kxa5 Rh4 65. g5 Rh2 66. Kb4 Kb6 67. Rc8
Rh3 68. Rb8+ Ka7 69. Rf8 Rxe3 70. Rxf7+ Kb6 71. Rf6 Re4 72. Rxe6+ Kc7 73. Kc5
Rxf4 74. Rxg6 Re4 75. Rg7+ Kd8 76. Kd6 Kc8 77. Nc6 1-0

[Event "M.Chigorin Memorial 2014"]
[Site "St. Petersburg"]
[Date "2014.10.24"]
[Round "7.121"]
[White "Egorov, Daniil"]
[Black "Kalinin, Nikita"]
[Result "1-0"]
[WhiteElo "1974"]
[BlackElo "2152"]
[PlyCount "61"]
[EventDate "2014.10.18"]

1. e4 e5 2. Nf3 Nc6 3. Bb5 Bc5 4. c3 f5 5. d4 fxe4 6. Bxc6 dxc6 7. Nxe5 Bd6 8.
O-O Qh4 9. f3 Bxe5 10. dxe5 Bd7 11. Qa4 a6 12. Nd2 O-O-O 13. Nxe4 Qh5 14. Qd4
b6 15. Bg5 Re8 16. Qd3 Bf5 17. Nd6+ cxd6 18. Qxf5+ Kb8 19. exd6 Nh6 20. Qf4
Ref8 21. Qg3 Nf5 22. Qg4 Qf7 23. Rfe1 h6 24. Be7 Re8 25. Qe4 Kb7 26. Rad1 g6
27. g4 Nh4 28. Re3 g5 29. d7 Rd8 30. Bxd8 Rxd8 31. Rd6 1-0

[Event "M.Chigorin Memorial 2014"]
[Site "St. Petersburg"]
[Date "2014.10.24"]
[Round "7.122"]
[White "Smirnov, Mikhail"]
[Black "Borisovsky, Dmitry"]
[Result "1/2-1/2"]
[WhiteElo "2147"]
[BlackElo "1973"]
[PlyCount "66"]
[EventDate "2014.10.18"]

1. e4 c5 2. d4 cxd4 3. c3 Nf6 4. e5 Nd5 5. Qxd4 e6 6. Nf3 Nc6 7. Qe4 f5 8. Qe2
Be7 9. g3 O-O 10. Bg2 a6 11. c4 Nc7 12. O-O b5 13. Nc3 Rb8 14. Rd1 h6 15. a3
bxc4 16. Nd4 Na5 17. Nc6 Nxc6 18. Bxc6 Na8 19. Na4 Qc7 20. Bg2 Bb7 21. Bxb7
Rxb7 22. Rd4 Rc8 23. Bf4 Qc6 24. Qd1 Nb6 25. Nxb6 Qxb6 26. Rd2 Bc5 27. Qh5 Qd8
28. Bxh6 gxh6 29. Qg6+ Kh8 30. Qxh6+ Kg8 31. Qg6+ Kh8 32. Qh6+ Kg8 33. Qg6+ Kh8
1/2-1/2

[Event "M.Chigorin Memorial 2014"]
[Site "St. Petersburg"]
[Date "2014.10.24"]
[Round "7.123"]
[White "Kantyshev, Nikita"]
[Black "Zherebtsova, Alexandra"]
[Result "0-1"]
[WhiteElo "1957"]
[BlackElo "2142"]
[PlyCount "78"]
[EventDate "2014.10.18"]

1. e4 e5 2. Nf3 Nc6 3. Bb5 a6 4. Bxc6 dxc6 5. d4 exd4 6. Nxd4 c5 7. Nf3 Qxd1+
8. Kxd1 Bd7 9. Bg5 f6 10. Be3 O-O-O 11. Nbd2 b6 12. Ke2 Ne7 13. Rad1 Ng6 14.
Ne1 Bd6 15. f3 Rhe8 16. Kf2 Be6 17. b3 Ne5 18. Nd3 Nc6 19. g3 Rd7 20. Rhe1 Bf8
21. Nb1 Red8 22. Nc3 Bf7 23. Ke2 c4 24. Nb2 Ba3 25. Rxd7 Rxd7 26. Rb1 Nb4 27.
Nxc4 Bxc4+ 28. bxc4 Nxc2 29. Nd5 Nxe3 30. Kxe3 Kb7 31. Kd3 Bc5 32. Ke2 Ka7 33.
Rd1 c6 34. Ne3 Rxd1 35. Nxd1 b5 36. Nb2 Bg1 37. h3 Bh2 38. g4 Be5 39. Nd3 bxc4
0-1

[Event "M.Chigorin Memorial 2014"]
[Site "St. Petersburg"]
[Date "2014.10.24"]
[Round "7.124"]
[White "Nikitinyh, Boris"]
[Black "Petrushev., Nikita"]
[Result "1/2-1/2"]
[WhiteElo "2138"]
[BlackElo "1974"]
[PlyCount "82"]
[EventDate "2014.10.18"]

1. e4 c5 2. Nf3 Nc6 3. Nc3 g6 4. d4 cxd4 5. Nxd4 Bg7 6. Be3 Nf6 7. Be2 O-O 8.
O-O d5 9. exd5 Nxd5 10. Nxd5 Qxd5 11. Bf3 Qc4 12. Nxc6 bxc6 13. c3 Be6 14. Qc2
Rfd8 15. Rfd1 Bf5 16. Rxd8+ Rxd8 17. Rd1 Rxd1+ 18. Qxd1 h5 19. h3 Qxa2 20. Qd8+
Kh7 21. Qxe7 Be6 22. Qb7 Qb1+ 23. Kh2 Bxc3 24. Bxc6 Qxb2 25. Qxa7 Bg7 26. g3
Qf6 27. Be4 Bf5 28. Bxf5 Qxf5 29. Qb7 Qe6 30. Kg2 Qf5 31. Qf3 Qxf3+ 32. Kxf3
Bb2 33. Ke4 Kg8 34. Bf4 Bg7 35. Kd5 Bf8 36. Be5 Ba3 37. Bf6 Bf8 38. f4 Ba3 39.
Ke4 Kh7 40. f5 Bb4 41. Be5 Ba3 1/2-1/2

[Event "M.Chigorin Memorial 2014"]
[Site "St. Petersburg"]
[Date "2014.10.24"]
[Round "7.125"]
[White "Filyanin, Daniil"]
[Black "Rudenko, Eugeny"]
[Result "1-0"]
[WhiteElo "1947"]
[BlackElo "2138"]
[PlyCount "34"]
[EventDate "2014.10.18"]

1. e4 c5 2. Nf3 d6 3. d4 cxd4 4. Nxd4 Nf6 5. Nc3 a6 6. g3 e5 7. Nde2 Nbd7 8.
Bg2 b5 9. O-O Bb7 10. h3 Nc5 11. Bg5 Be7 12. Bxf6 Bxf6 13. Nd5 Na4 14. b3 Bxd5
15. Qxd5 Nb6 16. Qc6+ Ke7 17. Nc3 Qb8 1-0